000 02130nam0a2200385 4500
001 RU\NLR\bibl\1520555
005 20260405091658.0
010 _a978-5-91741-010-4
_970
021 _aRU
_b2010-29040
_91952
035 _a(nilc)RSL-KNO-004634118
035 _a(NLR Aleph) 001511919
090 _a85945
_c85945
100 _a20100421d2010 |||y0rusy50 ca
101 0 _arus
102 _aRU
105 _aa zzzz|||||
200 1 _aМоделирование пылевой компоненты плазмы методами молекулярной динамики в нормальном тлеющем разряде
_fА. С. Дикалюк, С. Т. Суржиков
210 _aМосква
_cИн-т проблем механики РАН
_d2010
215 _a36 с.
_cил.
_d21
225 1 _aПрепринт
_fРос. акад. наук, Учреждение Рос. акад. наук Ин-т пробл. механики им. А. Ю. Ишлинского (ИПМ РАН)
_v№ 931
320 _aБиблиогр.: с. 36
606 _aГазоразрядная плазма
_xДинамика
_92179056
_3RU\NLR\auth\661310500
606 1 _aЯдерно-возбуждаемая пылевая плазма
_xПылевые частицы
_92194280
_3RU\NLR\auth\661318884
610 0 _aФизико-математические науки -- Физика -- Электричество и магнетизм -- Электронные и ионные явления. Физика плазмы -- Газоразрядная плазма -- Слаботочные разряды -- Тлеющий разряд -- Математическое моделирование
686 _aВ333.321с3,09
_2rubbk
686 _aВ333.2
700 1 _aДикалюк
_bА. С.
_gАлексей Сергеевич
_4070
701 1 _4070
_8rus
_7ca
_aСуржиков
_bС. Т.
_gСергей Тимофеевич
_3RU\NLR\AUTH\7732999
_916007
801 0 _aRU
_bРГБ
_c20100421
_grcr
801 1 _aRU
_bРГБ
_c20100421
801 2 _aRU
_bNLR
_c20100607
_grcr
942 _cBOOK
980 _aNB